Normal view MARC view

Entry Topical Term

Number of records used in: 1

001 - CONTROL NUMBER

  • control field: 21401

003 - CONTROL NUMBER IDENTIFIER

  • control field: OSt

005 - DATE AND TIME OF LATEST TRANSACTION

  • control field: 20211202090707.0

008 - FIXED-LENGTH DATA ELEMENTS

  • fixed length control field: 211202|| aca||aabn | a|a d

040 ## - CATALOGING SOURCE

  • Original cataloging agency: OSt
  • Transcribing agency: OSt

150 ## - HEADING--TOPICAL TERM

  • Topical term or geographic name entry element: Education, Elementary
  • General subdivision: Activity programs
  • Geographic subdivision: United States

670 ## - SOURCE DATA FOUND

  • Source citation: Work cat.: (OSt)21037: Tiedt, Pamela L. 21398, Multicultural teaching :, c1999.